000 00662nam a2200217 i 4500
001 157806
003 ES-MaACL
005 20250717090418.0
008 981211s1864 fr |||| |dfre d
040 _aCCPB | B
_bspa
_cCCPB | B
100 1 _aLittré, Émile,
_d1801-1881
_9128979
245 1 0 _aAuguste Comte et la philosophie positive /
_cpar É. Littré.
250 _a2e éd.
260 _aParis :
_bL. Hachette et Cíe,
_c1864.
300 _aXI, 687 p. ;
_c24 cm.
597 _aAntep.
600 0 4 _aComte, Auguste.
_940056
650 7 _aPositivismo
_2embne
_916324
852 _aES-MaACL
_jG-12116
_z-- Enc. hol.
999 _c157806
_d157806